Metaphysics: Aristotle ; translated with an introduction (Record no. 6826)
[ view plain ]
| 000 -LEADER | |
|---|---|
| fixed length control field | 01697 a2200169 4500 |
| 020 ## - INTERNATIONAL STANDARD BOOK NUMBER | |
| International Standard Book Number | 0140446192 |
| 040 ## - CATALOGING SOURCE | |
| Original cataloging agency | DLC |
| Language of cataloging | DLC |
| 100 00 - MAIN ENTRY--PERSONAL NAME | |
| Personal name | Aristotle, |
| 245 10 - TITLE STATEMENT | |
| Title | Metaphysics: Aristotle ; translated with an introduction |
| Statement of responsibility, etc. | Hugh Lawson-Tancred. |
| 246 38 - VARYING FORM OF TITLE | |
| Title proper/short title | The metaphysics. |
| 260 ## - PUBLICATION, DISTRIBUTION, ETC. | |
| Place of publication, distribution, etc. | London : |
| Name of publisher, distributor, etc. | Penguin Books, |
| Date of publication, distribution, etc. | 1998. |
| 300 ## - PHYSICAL DESCRIPTION | |
| Extent | 459 p. |
| 520 1# - SUMMARY, ETC. | |
| Summary, etc. | "In The Metaphysics, Aristotle laid the foundations for one of the central branches of Western philosophy."--BK JACKET. "The son of a doctor and an eminent scientist in his own right, Aristotle was always passionately interested in natural phenomena. Yet when he joined Plato's Academy as a seventeen-year-old in the mid 360s BC, he was taught the 'idealist' doctrine that what we perceive is just a pale reflection of the true reality. After a sharp reaction against Platonism, he achieved in The Metaphysics an extraordinary synthesis, integrating the natural and rational aspects of the world. In so doing he probed some of the deepest questions of philosophy: What is existence? How is change possible? What makes something the same thing at different times? Are there things which must exist for anything else to exist at all? The seminal notion of 'substance' and associated concepts of matter and form, essence and accident and potentiality and actuality have had a profound influence upon Western thought."--BK JACKET. "Hugh Lawson-Tancred's new translation achieves a readability absent from earlier versions, and in a stimulating introductory essay he highlights the central themes of one of philosophy's supreme masterpieces."--BK JACKET. |
| 650 #0 - SUBJECT ADDED ENTRY--TOPICAL TERM | |
| Topical term or geographic name entry element | Metaphysics. |
| 700 1# - ADDED ENTRY--PERSONAL NAME | |
| Personal name | Lawson-Tancred, Hugh. |
| 942 ## - ADDED ENTRY ELEMENTS (KOHA) | |
| Koha item type | Book |
| Call number prefix | 110 ARI |
| Source of classification or shelving scheme | |
| Withdrawn status | Lost status | Damaged status | Not for loan | Collection code | Permanent Location | Current Location | Shelving location | Date acquired | Source of acquisition | Cost, normal purchase price | Total Checkouts | Total Renewals | Full call number | Barcode | Date last seen | Date last checked out | Price effective from | Koha item type |
|---|---|---|---|---|---|---|---|---|---|---|---|---|---|---|---|---|---|---|
| Central Library (CL) | Central Library (CL) | General Stacks | 10/16/2006 | Progressive International Agencies | 771.45 | 8 | 8 | 110 ARI | SEECS007620 | 02/09/2026 | 01/20/2026 | 01/05/2017 | Book |
